[Event "BUL-chT"]
[Site "Bankia"]
[Date "1991.??.??"]
[Round "7"]
[White "Mitev, Georgi"]
[Black "Angelov, Angel Y"]
[Result "1/2-1/2"]
[WhiteElo "2280"]
[BlackElo "2295"]
[PlyCount "87"]
[EventDate "1991.??.??"]
[EventType "team"]
[EventRounds "8"]
[EventCountry "BUL"]
[SourceTitle "EXT 1998"]
[Source "ChessBase"]
[SourceDate "1997.11.17"]
[SourceVersion "1"]
[SourceVersionDate "1997.11.17"]
[SourceQuality "1"]

1. d4 Nf6 2. c4 g6 3. Nc3 Bg7 4. e4 d6 5. Nf3 0-0 6. h3 e5 7. d5 Na6 8. Bg5 h6 9. Be3 Nc5 10. Nd2 a5 11. g4 Ne8 12. Rg1 Kh7 13. Qf3 Bf6 14. Qg3 Bh4 15. Qh2 Bg5 16. Bxg5 Qxg5 17. Nf3 Qe7 18. 0-0-0 c6 19. Ne1 Nf6 20. f3 cxd5 21. Nxd5 Nxd5 22. Rxd5 Be6 23. Rd2 b5 24. Rc2 Rfc8 25. Kb1 bxc4 26. Bxc4 Bxc4 27. Rxc4 Ne6 28. Rxc8 Rxc8 29. Nc2 Nf4 30. h4 Qa7 31. Rd1 Qc5 32. Qd2 a4 33. Ne1 Rc6 34. Rc1 Qb5 35. Rxc6 Qxc6 36. Nd3 Ne6 37. Nc1 Nd4 38. Qd3 Qc5 39. Ne2 Nxe2 40. Qxe2 Qg1+ 41. Kc2 Qc5+ 42. Kd1 Qg1+ 43. Kd2 Qd4+ 44. Kc2 1/2-1/2

[Event "Val Thorens op"]
[Site "Val Thorens"]
[Date "1991.??.??"]
[Round "?"]
[White "Mitev, Georgi"]
[Black "Kallai, Gabor"]
[Result "0-1"]
[WhiteElo "2330"]
[BlackElo "2460"]
[PlyCount "54"]
[EventDate "1991.??.??"]
[EventType "swiss"]
[EventRounds "9"]
[EventCountry "FRA"]
[SourceTitle "EXT 1999"]
[Source "ChessBase"]
[SourceDate "1998.11.16"]
[SourceVersion "1"]
[SourceVersionDate "1998.11.16"]
[SourceQuality "1"]

1. c4 c6 2. Nf3 d5 3. b3 Bg4 4. Bb2 Nd7 5. d3 Bxf3 6. gxf3 Ngf6 7. f4 g6 8. Nd2 Bg7 9. e3 0-0 10. Qc2 a5 11. Be2 Ne8 12. h4 a4 13. b4 e5 14. cxd5 a3 15. Bc3 exf4 16. Bxg7 Nxg7 17. dxc6 fxe3 18. fxe3 Rc8 19. Qb3 Rxc6 20. h5 Qg5 21. hxg6 hxg6 22. e4 Rfc8 23. Nf3 Qg3+ 24. Kd2 Qf4+ 25. Ke1 Qe3 26. Rd1 Rc1 27. Kf1 Nh5 0-1

[Event "BUL-ch 22nd"]
[Site "Pazardzik"]
[Date "1991.??.??"]
[Round "10"]
[White "Mitev, Georgi"]
[Black "Kurtenkov, Atanas"]
[Result "1-0"]
[WhiteElo "2280"]
[BlackElo "2365"]
[PlyCount "69"]
[EventDate "1991.??.??"]
[EventType "swiss"]
[EventRounds "10"]
[EventCountry "BUL"]
[SourceTitle "TD"]
[Source "ChessBase"]
[SourceDate "1994.03.01"]
[SourceVersion "1"]
[SourceVersionDate "1994.03.01"]
[SourceQuality "1"]

1. d4 Nf6 2. c4 e6 3. Nc3 Bb4 4. f3 d5 5. a3 Be7 6. e3 0-0 7. cxd5 exd5 8. Bd3 c5 9. Nge2 Nc6 10. Bc2 Re8 11. 0-0 b5 12. Kh1 Ba6 13. Re1 cxd4 14. Nxd4 Nxd4 15. exd4 h6 16. Bb3 Rf8 17. Bf4 Rc8 18. Qd2 Bb7 19. Bc2 Re8 20. Bxh6 Nh5 21. Bg5 g6 22. Bxe7 Rxe7 23. Rxe7 Qxe7 24. Re1 Qf6 25. Bb3 Nf4 26. Re5 Kg7 27. g3 Ne6 28. Kg2 Rd8 29. Bxd5 Rd7 30. Ne4 Qd8 31. Bxe6 Rxd4 32. Qc3 Rd3 33. Rd5+ Rxc3 34. Rxd8 Rc2+ 35. Nf2 1-0

[Event "BUL-ch 22nd"]
[Site "Pazardzik"]
[Date "1991.??.??"]
[Round "7"]
[White "Mitev, Georgi"]
[Black "Peev, Peicho Chonev"]
[Result "1/2-1/2"]
[WhiteElo "2280"]
[BlackElo "2400"]
[PlyCount "103"]
[EventDate "1991.??.??"]
[EventType "swiss"]
[EventRounds "10"]
[EventCountry "BUL"]
[SourceTitle "TD"]
[Source "ChessBase"]
[SourceDate "1994.03.01"]
[SourceVersion "1"]
[SourceVersionDate "1994.03.01"]
[SourceQuality "1"]

1. d4 Nf6 2. g3 g6 3. Bg2 Bg7 4. e4 d6 5. Nc3 Nbd7 6. Nge2 0-0 7. 0-0 e5 8. h3 a6 9. a4 Re8 10. a5 b5 11. axb6 cxb6 12. Nb5 Bf8 13. dxe5 dxe5 14. Nd6 Bxd6 15. Qxd6 Bb7 16. f3 Rc8 17. c3 Nc5 18. Qxd8 Rexd8 19. Bg5 Kg7 20. Rfd1 b5 21. Be3 Nb3 22. Bb6 Rd7 23. Rab1 Nd2 24. Ra1 Nc4 25. Rxd7 Nxd7 26. Bf2 Nxb2 27. Be1 Nb6 28. Nc1 N6a4 29. Na2 Rd8 30. Bf1 f5 31. exf5 gxf5 32. Be2 e4 33. fxe4 Bxe4 34. c4 Bd3 35. Bxd3 Nxd3 36. Ba5 Rc8 37. cxb5 axb5 38. Rd1 Ne5 39. Rd5 Kf6 40. Rxb5 Rc2 41. Nb4 Rc1+ 42. Kf2 Nc5 43. Nd5+ Kf7 44. Bc7 Ne4+ 45. Ke3 Re1+ 46. Kd4 Nxg3 47. Rb7 Re4+ 48. Kc5 Nd3+ 49. Kb5 Ne2 50. Bf4+ Ke6 51. Rb6+ Kf7 52. Rb7+ 1/2-1/2

[Event "Belgrade-B"]
[Site "Belgrade"]
[Date "1990.??.??"]
[Round "12"]
[White "Arkhipov, Sergey"]
[Black "Mitev, Georgi"]
[Result "1/2-1/2"]
[WhiteElo "2440"]
[BlackElo "2340"]
[PlyCount "121"]
[EventDate "1990.??.??"]
[EventType "tourn"]
[EventRounds "13"]
[EventCountry "YUG"]
[EventCategory "3"]
[SourceTitle "EXT 1997"]
[Source "ChessBase"]
[SourceDate "1996.11.15"]
[SourceVersion "1"]
[SourceVersionDate "1996.11.15"]
[SourceQuality "1"]

1. c4 e5 2. Nc3 Nc6 3. Nf3 Nf6 4. g3 d5 5. cxd5 Nxd5 6. Bg2 Nde7 7. b4 a6 8. Bb2 g6 9. a4 Bg7 10. b5 Nd4 11. 0-0 0-0 12. d3 Ra7 13. Nd2 b6 14. Nc4 Bb7 15. Bxb7 Rxb7 16. e3 axb5 17. axb5 Ne6 18. Qf3 Rb8 19. Rfd1 Qd7 20. Ra7 f5 21. Ba3 Rf7 22. Bxe7 Rxe7 23. Qc6 Rf7 24. Nd5 Qxc6 25. bxc6 Rd8 26. Nb4 f4 27. gxf4 exf4 28. d4 fxe3 29. fxe3 b5 30. Na3 Bh6 31. Nac2 Ng5 32. Rf1 Re7 33. Rb7 Ne4 34. Rxb5 Nc3 35. Re5 Rxe5 36. dxe5 Re8 37. Ra1 Rxe5 38. Ra7 Nb5 39. Rb7 Bf8 40. e4 Rc5 41. Kf2 Bd6 42. h3 Kf7 43. Ke2 h5 44. Ne3 Nd4+ 45. Kf2 Nxc6 46. Na6 Ra5 47. Nc4 Rxa6 48. Nxd6+ Ke6 49. Nb5 Ke5 50. Rxc7 Kxe4 51. Nd6+ Kd5 52. Nf7 Ra3 53. Kg2 h4 54. Rd7+ Ke4 55. Nd6+ Kf4 56. Rf7+ Kg5 57. Ne4+ Kh6 58. Rf4 Ra2+ 59. Kf1 Kg7 60. Rxh4 Ra4 61. Kf2 1/2-1/2

[Event "Belgrade-B"]
[Site "Belgrade"]
[Date "1990.??.??"]
[Round "13"]
[White "Mitev, Georgi"]
[Black "Marinkovic, Slavisa"]
[Result "0-1"]
[WhiteElo "2340"]
[BlackElo "2320"]
[PlyCount "52"]
[EventDate "1990.??.??"]
[EventType "tourn"]
[EventRounds "13"]
[EventCountry "YUG"]
[EventCategory "3"]
[SourceTitle "EXT 1997"]
[Source "ChessBase"]
[SourceDate "1996.11.15"]
[SourceVersion "1"]
[SourceVersionDate "1996.11.15"]
[SourceQuality "1"]

1. d4 Nf6 2. c4 g6 3. Nc3 d5 4. cxd5 Nxd5 5. Qb3 Nxc3 6. bxc3 Bg7 7. h4 0-0 8. h5 c5 9. hxg6 hxg6 10. e3 Nc6 11. Bd3 Be6 12. Qxb7 cxd4 13. Qxc6 dxe3 14. Bxg6 exf2+ 15. Kxf2 fxg6+ 16. Nf3 Qb6+ 17. Qxb6 axb6 18. Be3 Bxc3 19. Rab1 Rxa2+ 20. Kg3 Bd5 21. Rh4 Bxf3 22. gxf3 Be5+ 23. f4 Ra3 24. Kf2 Bd6 25. Rg4 Rc8 26. Rb2 Kf7 0-1

[Event "Belgrade-B"]
[Site "Belgrade"]
[Date "1990.??.??"]
[Round "8"]
[White "Mitev, Georgi"]
[Black "Misojcic, Miroslav"]
[Result "1-0"]
[WhiteElo "2340"]
[BlackElo "2280"]
[PlyCount "73"]
[EventDate "1990.??.??"]
[EventType "tourn"]
[EventRounds "13"]
[EventCountry "YUG"]
[EventCategory "3"]
[SourceTitle "EXT 1997"]
[Source "ChessBase"]
[SourceDate "1996.11.15"]
[SourceVersion "1"]
[SourceVersionDate "1996.11.15"]
[SourceQuality "1"]

1. d4 Nf6 2. c4 e6 3. Nc3 d5 4. Bg5 Nbd7 5. cxd5 exd5 6. e3 Be7 7. Bd3 c6 8. Qc2 0-0 9. Nge2 Re8 10. 0-0-0 Nf8 11. h3 Be6 12. g4 Qa5 13. Nf4 Rac8 14. Kb1 c5 15. Nxe6 fxe6 16. dxc5 Rxc5 17. Bf4 N6d7 18. Qa4 Qb6 19. Qb3 Qxb3 20. axb3 a6 21. Bg3 Rc6 22. Ne2 Bf6 23. Nd4 Rcc8 24. Bc2 g6 25. Nf3 Nb6 26. e4 Nfd7 27. h4 Nc5 28. e5 Bg7 29. h5 Rf8 30. Nd4 Kf7 31. f4 Ncd7 32. Nf3 gxh5 33. Rxh5 h6 34. f5 Rfe8 35. f6 Bf8 36. Ng5+ hxg5 37. Rh7+ 1-0

[Event "Belgrade-B"]
[Site "Belgrade"]
[Date "1990.??.??"]
[Round "9"]
[White "Vasiljevic, Dragan"]
[Black "Mitev, Georgi"]
[Result "1/2-1/2"]
[WhiteElo "2315"]
[BlackElo "2340"]
[PlyCount "96"]
[EventDate "1990.??.??"]
[EventType "tourn"]
[EventRounds "13"]
[EventCountry "YUG"]
[EventCategory "3"]
[SourceTitle "EXT 1997"]
[Source "ChessBase"]
[SourceDate "1996.11.15"]
[SourceVersion "1"]
[SourceVersionDate "1996.11.15"]
[SourceQuality "1"]

1. d4 Nf6 2. c4 e6 3. a3 c5 4. e3 cxd4 5. exd4 d5 6. Nc3 Nc6 7. Nf3 Be7 8. Bd3 dxc4 9. Bxc4 0-0 10. 0-0 b6 11. Be3 Bb7 12. Qe2 a6 13. Rfd1 Na5 14. Ba2 Nd5 15. Bd2 Nxc3 16. Bxc3 Bd5 17. Bxa5 bxa5 18. Bxd5 Qxd5 19. Rac1 Bd6 20. Rc3 Rfb8 21. Rd2 g6 22. g3 Rb5 23. h4 Rab8 24. Ng5 Kg7 25. Ne4 Rd8 26. Rcc2 Qb7 27. Nc3 Rb3 28. d5 exd5 29. Kh2 Qb8 30. Qxa6 Be5 31. Qxa5 d4 32. Ne4 f5 33. Nc5 Bxg3+ 34. Kg2 Bxf2 35. Rxf2 Qg3+ 36. Kf1 Qh3+ 37. Rg2 Qh1+ 38. Kf2 Qxh4+ 39. Kf1 Rf3+ 40. Kg1 Re8 41. Qc7+ Re7 42. Ne6+ Kf6 43. Qc8 Qe1+ 44. Kh2 Re3 45. Rcf2 R7xe6 46. Qh8+ Ke7 47. Qg7+ Ke8 48. Qh8+ Ke7 1/2-1/2